[Event "SRB-chT 1st League CS"]
[Site "Bajina Basta"]
[Date "2021.09.29"]
[Round "6.6"]
[White "Zivanovic, Bojan"]
[Black "Pavlicevic, Predrag"]
[Result "1-0"]
[WhiteElo "2161"]
[BlackElo "1959"]
[PlyCount "69"]
[EventDate "2021.09.26"]
[EventType "team-tourn"]
[EventRounds "11"]
[EventCountry "SRB"]
[SourceTitle "EXT 2023"]
[Source "ChessBase"]
[SourceDate "2022.10.05"]
[SourceVersion "1"]
[SourceVersionDate "2022.10.05"]
[SourceQuality "1"]
[WhiteTeam "Valjevo Krusik"]
[BlackTeam "Smederevska Palanka Jasenica"]
[WhiteTeamCountry "SRB"]
[BlackTeamCountry "SRB"]

1. e4 c5 2. g3 Nc6 3. Bg2 d6 4. c3 e5 5. Ne2 g6 6. 0-0 Bg7 7. f4 Nge7 8. d3 0-0 9. Be3 b6 10. Nd2 f5 11. Nf3 h6 12. Qd2 Kh7 13. Rad1 Be6 14. b4 Qc7 15. b5 Na5 16. Qc2 Rad8 17. Nd2 c4 18. d4 fxe4 19. Bxe4 d5 20. Bxg6+ Nxg6 21. f5 e4 22. fxg6+ Kh8 23. Rxf8+ Rxf8 24. Nf4 Qd7 25. h4 h5 26. Nf1 Bg4 27. Rd2 Bh6 28. Nxd5 Qxd5 29. Bxh6 Rf6 30. Ne3 Qe6 31. d5 Qe5 32. Bf4 Qe8 33. Nxg4 hxg4 34. Re2 Qxb5 35. Be5 1-0

[Event "SRB-chT 1st League CS"]
[Site "Bajina Basta"]
[Date "2021.09.27"]
[Round "2.6"]
[White "Pavlicevic, Predrag"]
[Black "Dimitrijevic, Nenad"]
[Result "0-1"]
[WhiteElo "1959"]
[BlackElo "2168"]
[PlyCount "76"]
[EventDate "2021.09.26"]
[EventType "team-tourn"]
[EventRounds "11"]
[EventCountry "SRB"]
[SourceTitle "EXT 2023"]
[Source "ChessBase"]
[SourceDate "2022.10.05"]
[SourceVersion "1"]
[SourceVersionDate "2022.10.05"]
[SourceQuality "1"]
[WhiteTeam "Smederevska Palanka Jasenica"]
[BlackTeam "Paracin OSK"]
[WhiteTeamCountry "SRB"]
[BlackTeamCountry "SRB"]

1. e4 c6 2. d4 d5 3. Nc3 dxe4 4. Nxe4 Bf5 5. Ng3 Bg6 6. Bc4 e6 7. Nf3 Nd7 8. Qe2 Ngf6 9. Bf4 Be7 10. 0-0-0 Nd5 11. Bd2 b5 12. Bxd5 cxd5 13. Qxb5 Qc7 14. Ne1 Rb8 15. Qa4 0-0 16. Ne2 Qb7 17. Bc3 Nb6 18. Qb5 a6 19. Qb3 Qc6 20. a3 Nc4 21. Qa2 Bh5 22. Nf3 Rfc8 23. h4 Bxf3 24. gxf3 Nxb2 25. Rd3 Nxd3+ 26. cxd3 Qa4 27. Kd2 Qxa3 28. Qxa3 Bxa3 29. Ra1 Bb2 30. Bxb2 Rxb2+ 31. Ke3 Rb6 32. Kd2 h5 33. Ra3 Rb2+ 34. Ke3 Rcc2 35. Nf4 Ra2 36. Rb3 g6 37. Rb8+ Kg7 38. Nh3 Rc7 0-1

[Event "Gligoric Cup 7th"]
[Site "Backa Palanka"]
[Date "2021.06.05"]
[Round "4.1"]
[White "Bogosavljevic, Boban"]
[Black "Pavlicevic, Predrag"]
[Result "1-0"]
[WhiteElo "2530"]
[BlackElo "1929"]
[PlyCount "49"]
[EventDate "2021.06.03"]
[EventType "team-tourn"]
[EventRounds "5"]
[EventCountry "SRB"]
[SourceTitle "CBM 203 Extra"]
[Source "ChessBase"]
[SourceDate "2021.09.30"]
[SourceVersion "1"]
[SourceVersionDate "2021.09.30"]
[SourceQuality "1"]
[WhiteTeam "Goracici Jelica"]
[BlackTeam "Smederevska Palanka"]
[WhiteTeamCountry "SRB"]
[BlackTeamCountry "SRB"]

1. Nf3 g6 2. e4 Bg7 3. d4 c5 4. d5 d6 5. a4 Bg4 6. Nbd2 Qa5 7. Bb5+ Kf8 8. 0-0 a6 9. Be2 Nd7 10. c3 h5 11. Ng5 Bxe2 12. Qxe2 Nh6 13. Nc4 Qc7 14. f4 Kg8 15. Bd2 Rf8 16. a5 Qb8 17. Rae1 Qc7 18. Qd3 Rc8 19. e5 Nf5 20. e6 fxe6 21. Nxe6 Qb8 22. Ne3 c4 23. Qc2 Qa7 24. Kh1 Rf8 25. Nxf8 1-0

[Event "Gligoric Cup 7th"]
[Site "Backa Palanka"]
[Date "2021.06.04"]
[Round "2.1"]
[White "Pavlicevic, Predrag"]
[Black "Vratonjic, Slobodan"]
[Result "0-1"]
[WhiteElo "1929"]
[BlackElo "2339"]
[PlyCount "106"]
[EventDate "2021.06.03"]
[EventType "team-tourn"]
[EventRounds "5"]
[EventCountry "SRB"]
[SourceTitle "CBM 203 Extra"]
[Source "ChessBase"]
[SourceDate "2021.09.30"]
[SourceVersion "1"]
[SourceVersionDate "2021.09.30"]
[SourceQuality "1"]
[WhiteTeam "Smederevska Palanka"]
[BlackTeam "Kac Jugovic"]
[WhiteTeamCountry "SRB"]
[BlackTeamCountry "SRB"]

1. e4 c5 2. Nf3 e6 3. g3 Nc6 4. c3 Nf6 5. Qe2 Qc7 6. Bg2 Be7 7. h3 d5 8. d3 0-0 9. Nbd2 d4 10. 0-0 e5 11. c4 Ne8 12. a3 a6 13. Rb1 b5 14. b3 Rb8 15. Re1 Be6 16. Rb2 Nd6 17. Rc2 Nc8 18. Nf1 f6 19. Nh4 Na5 20. Nd2 g6 21. g4 Bf7 22. Rf1 Nd6 23. Nhf3 g5 24. h4 h6 25. Kh2 Be6 26. Bh3 Qd7 27. Rg1 Rfc8 28. Rg2 Kg7 29. Rg3 Nf7 30. h5 Nd6 31. Ne1 Rb7 32. Bf1 Rcb8 33. Rg2 bxc4 34. bxc4 Qa4 35. f3 Bd8 36. Rf2 Nf7 37. Rg2 Bc7 38. Rf2 Bd7 39. Bh3 Nb3 40. Nxb3 Rxb3 41. Bf1 Nd8 42. Ra2 Rb1 43. Rc2 Ne6 44. Ng2 R8b3 45. Bb2 Ba5 46. f4 Nxf4 47. Nxf4 Re1 48. Ne6+ Bxe6 49. Qf3 Bd8 50. Bc1 Rb1 51. Bxg5 hxg5 52. h6+ Kh7 53. Qg2 Qe8 0-1